[Event "Groningen GAM"]
[Site "Groningen NED"]
[Date "1991.??.??"]
[Round "3"]
[White "Douven, Rudy C"]
[Black "Hoeksema, Hendrik Pieter"]
[Result "1/2-1/2"]
[WhiteElo "2405"]
[BlackElo "2390"]
[PlyCount "48"]
[EventDate "1991.??.??"]
[Source "www.chesslib.no"]
[SourceDate "2004.05.04"]

1. e4 c5 2. b4 cxb4 3. Bb2 d5 4. exd5 Qxd5 5. c4 Qe4+ 6. Be2 Qxg2 7. Bf3 Qg6 8. Ne2 Qd3 9. Nf4 Qd6 10. Nd5 e6 11. Qe2 Nc6 12. d4 Nf6 13. Nd2 Be7 14. Nxe7 Nxe7 15. Rg1 Ng6 16. O-O-O Bd7 17. Kb1 O-O-O 18. c5 Qc7 19. Nc4 Bb5 20. Nd6+ Qxd6 21. Qxb5 Qc7 22. Qxb4 Nd5 23. Qa4 Kb8 24. Rd3 Qc6 1/2-1/2

[Event "Puchko mem"]
[Site "Alushta"]
[Date "2000.03.28"]
[Round "10"]
[White "Zajarnyi, Anatolyi"]
[Black "Alexandrova, Olga"]
[Result "0-1"]
[WhiteElo "2395"]
[BlackElo "2400"]
[PlyCount "141"]
[EventDate "2000.03.22"]
[Source "ChessBase"]
[SourceDate "2000.05.11"]

1. e4 c5 2. b4 cxb4 3. a3 e5 4. Nf3 Nc6 5. Bc4 bxa3 6. d4 Be7 7. c3 Na5 8. Bd3 exd4 9. cxd4 d5 10. e5 Bb4+ 11. Kf1 Ne7 12. Nxa3 Bf5 13. Nc2 Nac6 14. Nxb4 Nxb4 15. Bxf5 Nxf5 16. Ba3 Nc6 17. g3 Nfe7 18. Kg2 O-O 19. Qd3 Qd7 20. Ng5 g6 21. h4 Qf5 22. Qd2 h6 23. f3 h5 24. Rhe1 Rac8 25. Kg1 Rfe8 26. Re2 Nd8 27. Rg2 Ne6 28. g4 Nxg5 29. hxg5 Qxf3 30. Bxe7 Rxe7 31. gxh5 Qxh5 32. Qf4 Rc3 33. Rh2 Rh3 34. Rxh3 Qxh3 35. Rxa7 Qc8 36. Ra2 Rc7 37. Rf2 Rc1+ 38. Kg2 Qc7 39. Qf6 Qd7 40. Qf4 Rc3 41. Kg1 Qc7 42. Ra2 Rc1+ 43. Kf2 Rc2+ 44. Rxc2 Qxc2+ 45. Ke1 Qf5 46. Qd2 b5 47. Kd1 Qb1+ 48. Qc1 Qd3+ 49. Qd2 Qc4 50. Qf4 Qc6 51. Qc1 Qc4 52. Qf4 Qc8 53. Qf3 Qc6 54. Kd2 b4 55. Qb3 Qb5 56. Qd3 Qb6 57. Kc2 Kf8 58. Kb3 Qa5 59. Kb2 Ke7 60. Qf3 Ke8 61. Qf6 Qa3+ 62. Kb1 Qb3+ 63. Kc1 Qc3+ 64. Kb1 Qd3+ 65. Kc1 b3 66. Qc6+ Kf8 67. Qc5+ Kg7 68. Kb2 Qf3 69. Ka3 Kh7 70. Kb2 Kg7 71. Ka3 0-1

[Event "Eupen op"]
[Site "Eupen"]
[Date "1993.??.??"]
[Round "5"]
[White "Haub, Thorsten Michael"]
[Black "Chuchelov, Vladimir"]
[Result "0-1"]
[WhiteElo "2295"]
[BlackElo "2500"]
[PlyCount "76"]
[EventDate "1993.??.??"]
[Source "ChessBase"]

1. e4 c5 2. b4 cxb4 3. a3 e6 4. axb4 Bxb4 5. c3 Be7 6. d4 Nf6 7. Bd3 d6 8. Ne2 Nc6 9. O-O O-O 10. f3 e5 11. d5 Na5 12. Be3 b6 13. Na3 Nd7 14. Qa4 Nb7 15. Bb5 Ndc5 16. Qc2 Bd7 17. Rfb1 Qc7 18. f4 exf4 19. Bxf4 Bf6 20. Nd4 Rfe8 21. Re1 a6 22. Bxd7 Nxd7 23. Nc6 Na5 24. Nxa5 bxa5 25. Re3 Qc5 26. Kh1 Be5 27. Qf2 Rab8 28. Nb1 Bxf4 29. Qxf4 Rb2 30. Rg3 Rf2 31. Rf3 Rxf3 32. Qxf3 Qxd5 33. h3 Qc5 34. Nd2 Ne5 35. Qg3 Rb8 36. Nf3 Qxc3 37. Rf1 Nxf3 38. Qxd6 Qe5 0-1

[Event "Oberliga Ost-B 9900"]
[Site "?"]
[Date "2000.01.29"]
[Round "6.1"]
[White "Euler Gerd"]
[Black "Taimanov Mark E"]
[Result "1/2-1/2"]
[WhiteElo "2386"]
[BlackElo "2407"]
[PlyCount "87"]
[EventDate "2000.??.??"]
[Source "www.chesslib.no"]
[SourceDate "2004.05.04"]

1. e4 c5 2. b4 cxb4 3. Bb2 e6 4. Nf3 d5 5. exd5 exd5 6. Ne5 Nf6 7. Bb5+ Nbd7 8. Qe2 Be7 9. Nxd7 Bxd7 10. Bxf6 gxf6 11. O-O Bxb5 12. Qxb5+ Qd7 13. Qd3 O-O 14. a3 a5 15. c3 Qe6 16. axb4 axb4 17. Rxa8 Rxa8 18. cxb4 Bxb4 19. Qb5 Qe7 20. Qxd5 Rd8 21. Qa2 Qe5 22. g3 b5 23. Rc1 Bc5 24. Qc2 Bb6 25. Qc6 Qd4 26. Qf3 b4 27. Rc6 Rd6 28. Rc8+ Kg7 29. Kg2 b3 30. Nc3 Re6 31. Nd5 b2 32. Nc3 Re1 33. d3 Bc5 34. Ne4 Rg1+ 35. Kxg1 b1=Q+ 36. Kg2 Qbxd3 37. Qg4+ Kh6 38. Qf4+ Kg7 39. Qg4+ Kh6 40. Qh4+ Kg7 41. Qg4+ Kh6 42. Qh4+ Kg7 43. Qg4+ Kh6 44. Qh4+ 1/2-1/2

[Event "Bodensee-Cup 5th"]
[Site "?"]
[Date "1999.??.??"]
[Round "3.7"]
[White "Gietl Thomas"]
[Black "Gschnitzer Oswald"]
[Result "1-0"]
[WhiteElo "2371"]
[BlackElo "2420"]
[PlyCount "61"]
[EventDate "1999.??.??"]
[Source "www.chesslib.no"]
[SourceDate "2004.05.04"]

1. e4 c5 2. b4 cxb4 3. d4 d5 4. e5 Bf5 5. a3 e6 6. axb4 Bxb4+ 7. c3 Be7 8. Ne2 h5 9. Nf4 h4 10. Na3 Nc6 11. Nc2 Nh6 12. Be2 Rc8 13. Ne3 Kf8 14. g4 Bh7 15. O-O Qd7 16. Nh3 Rd8 17. f4 Be4 18. Nf2 f5 19. Nxe4 dxe4 20. Qb3 Re8 21. Bc4 Nd8 22. Rxa7 Nxg4 23. Nxg4 fxg4 24. f5 exf5 25. Bb5 Qc8 26. Ra8 Qxa8 27. Rxf5+ Bf6 28. Ba3+ Re7 29. exf6 gxf6 30. Rxf6+ Kg7 31. Bxe7 1-0

[Event "MI Festival GM"]
[Site "Bucharest"]
[Date "1999.03.29"]
[Round "10"]
[White "Nanu, Ciprian"]
[Black "Brajovic, Radovan"]
[Result "1-0"]
[WhiteElo "2420"]
[BlackElo "2364"]
[PlyCount "55"]
[EventDate "1999.03.20"]
[Source "ChessBase"]
[SourceDate "1999.05.10"]

1. e4 c5 2. b4 cxb4 3. a3 e5 4. Nf3 Nc6 5. Bc4 bxa3 6. c3 Bc5 7. O-O Qe7 8. d4 exd4 9. cxd4 Bb4 10. Nxa3 Nh6 11. Nc2 O-O 12. Bd3 Bd6 13. e5 Bc7 14. Bg5 Qe8 15. Qd2 Ng4 16. Rfe1 f6 17. Bc4+ Kh8 18. exf6 Qh5 19. fxg7+ Kxg7 20. h4 h6 21. Be7 Rxf3 22. gxf3 Nh2 23. Qe3 Qxf3 24. Ra3 Qg4+ 25. Kh1 Qh5 26. Rg1+ Ng4 27. Be2 d5 28. Nb4 1-0

[Event "FIN Team Ch"]
[Site "Finland"]
[Date "1991.??.??"]
[Round "?"]
[White "Lauren, Martti"]
[Black "Yrjola, Jouni"]
[Result "1/2-1/2"]
[WhiteElo "2275"]
[BlackElo "2505"]
[PlyCount "95"]
[EventDate "1991.??.??"]
[Source "www.chesslib.no"]
[SourceDate "2004.05.04"]

1. e4 c5 2. b4 cxb4 3. a3 d5 4. e5 Nc6 5. d4 Qb6 6. Ne2 Bf5 7. axb4 Nxb4 8. Na3 Rc8 9. Ng3 Nxc2+ 10. Nxc2 Bxc2 11. Qg4 e6 12. Bd2 Bb4 13. Qf4 Bg6 14. Be2 Rc2 15. Rd1 Rxd2 16. Rxd2 Qa5 17. h4 h5 18. Bd1 Ne7 19. Ne2 O-O 20. Nc1 f6 21. Nb3 Bxd2+ 22. Nxd2 fxe5 23. Qxe5 Nc6 24. Qg5 Rf6 25. g4 Qc3 26. gxh5 Qxd4 27. O-O Bd3 28. Nf3 Rxf3 29. Bxf3 Bxf1 30. Kxf1 Qf6 31. Qg3 Ne5 32. Bd1 a5 33. Bc2 Kf8 34. Qa3+ Qe7 35. Qc3 Nc6 36. h6 d4 37. h7 Qxh4 38. Qf3+ Ke7 39. Qg3 Qh6 40. Qg6 Qh1+ 41. Qg1 Qh6 42. Qg6 Qh1+ 43. Ke2 Kf8 44. Qg3 Qh5+ 45. Kd2 Qh6+ 46. Kd1 Qh1+ 47. Kd2 Qh6+ 48. Kd1 1/2-1/2

[Event "Techirghiol"]
[Site "?"]
[Date "1999.??.??"]
[Round "12"]
[White "Zajarnyi Anatolyi"]
[Black "Spulber Cicerone"]
[Result "1-0"]
[WhiteElo "2395"]
[BlackElo "2375"]
[PlyCount "109"]
[EventDate "1999.??.??"]
[Source "www.chesslib.no"]
[SourceDate "2004.05.04"]

1. e4 c5 2. b4 cxb4 3. a3 d5 4. exd5 Qxd5 5. Bb2 e5 6. Nf3 Nc6 7. c4 Qe6 8. Bd3 Be7 9. O-O Nf6 10. Re1 O-O 11. Nxe5 Nxe5 12. Rxe5 Qd6 13. Be2 Qc7 14. axb4 Bxb4 15. Na3 Bd7 16. Nb5 Qb8 17. Rg5 h6 18. Rg3 Ne8 19. Ra4 a5 20. Qa1 g6 21. Bd3 Ra6 22. Be5 Qc8 23. Qb2 Bf5 24. Bf1 Re6 25. d4 f6 26. Bf4 Re1 27. Ra1 Rxa1 28. Qxa1 g5 29. h4 Ng7 30. hxg5 hxg5 31. Bc1 Re8 32. Re3 Bd7 33. c5 Bxb5 34. Bxb5 Rxe3 35. fxe3 Qg4 36. Qa2+ Kf8 37. Qc2 Nf5 38. Bd7 Nxe3 39. Bxe3 Qxd7 40. Qg6 Qe7 41. Kf2 a4 42. Qh6+ Kg8 43. Qg6+ Kf8 44. Qb1 Bc3 45. Qc2 Be1+ 46. Ke2 Bg3 47. Kd3 Kg7 48. Qxa4 f5 49. d5 f4 50. Bd4+ Kh6 51. c6 g4 52. Qa8 bxc6 53. Qxc6+ Kh5 54. d6 Qh7+ 55. Qe4 1-0

[Event "It (open) \"]
[Site "Minsk (Belarus)"]
[Date "2007.07.11"]
[Round "2"]
[White "Akhmetov Artiom (RUS)"]
[Black "Simonov Stanislav (RUS)"]
[Result "1/2-1/2"]
[WhiteElo "2468"]
[BlackElo "2297"]
[PlyCount "143"]
[EventDate "2007.??.??"]
[Source "www.chesslib.no"]
[SourceDate "2004.05.04"]

1. e4 c5 2. b4 cxb4 3. a3 e6 4. Nf3 d5 5. exd5 Qxd5 6. axb4 Bxb4 7. c3 Be7 8. Na3 Nc6 9. Nb5 Qd8 10. Qa4 Nf6 11. Be2 O-O 12. O-O e5 13. d4 exd4 14. cxd4 Nd5 15. Bd2 Be6 16. Ne5 Bf6 17. Nxc6 bxc6 18. Nxa7 Qb6 19. Qa6 Bxd4 20. Qxb6 Nxb6 21. Ra5 Nc4 22. Bxc4 Bxc4 23. Rc1 Bxa7 24. Rxc4 Rfd8 25. Rc2 Rd5 26. Raa2 Rb8 27. g3 Bc5 28. Ra5 Bf8 29. Rxd5 cxd5 30. Rc7 Rd8 31. Kf1 Bd6 32. Rb7 Bc5 33. Rb5 Rc8 34. Ke2 h6 35. Bb4 Bxb4 36. Rxb4 Rc2+ 37. Ke3 g5 38. Rd4 Rc5 39. Rd2 Kg7 40. Kd4 Ra5 41. Ke5 Kg6 42. Rxd5 Ra2 43. Rd6+ Kg7 44. f4 gxf4 45. Kxf4 Rxh2 46. Kg4 Ra2 47. Rd4 Ra5 48. Rd6 Rb5 49. Rc6 Re5 50. Rb6 Re6 51. Rb8 Kf6 52. Rh8 Kg7 53. Rb8 Re5 54. Rb6 f6 55. Rb8 Rg5+ 56. Kh4 Kg6 57. Rg8+ Kf5 58. Rh8 Rg4+ 59. Kh3 Rg6 60. Ra8 Rg5 61. Ra4 Kg6 62. Ra8 Rh5+ 63. Kg4 Rc5 64. Rg8+ Kf7 65. Rh8 Rg5+ 66. Kh4 Kg6 67. Rg8+ Kf5 68. Rh8 Rg6 69. Ra8 Rg4+ 70. Kh3 Kg5 71. Rg8+ Kf5 72. Rh8 1/2-1/2

[Event "Tavasz"]
[Site "Kecskemet"]
[Date "1997.??.??"]
[Round "4"]
[White "Jakubiec, Artur"]
[Black "Bromberger, Stefan"]
[Result "1-0"]
[WhiteElo "2455"]
[BlackElo "2310"]
[PlyCount "41"]
[EventDate "1997.04.??"]
[Source "ChessBase"]
[SourceDate "1997.07.29"]

1. e4 c5 2. b4 cxb4 3. Bb2 d5 4. exd5 Qxd5 5. d4 Nc6 6. c4 bxc3 7. Nxc3 Qxd4 8. Nd5 Qxd1+ 9. Rxd1 Bd7 10. Nc7+ Kd8 11. Nxa8 e6 12. Bb5 Nge7 13. Nf3 f6 14. O-O Kc8 15. Nd4 Nd5 16. Rc1 Bd6 17. Rfd1 Rd8 18. g3 Kb8 19. Bxc6 bxc6 20. Rxc6 Be5 21. Nxe6 1-0

[Event "Wichern Open"]
[Site "Hamburg GER"]
[Date "1993.??.??"]
[Round "1"]
[White "Joecks, Christian"]
[Black "Lyrberg, Patrik"]
[Result "0-1"]
[WhiteElo "2345"]
[BlackElo "2420"]
[PlyCount "80"]
[EventDate "1993.10.??"]
[Source "www.chesslib.no"]
[SourceDate "2004.05.04"]

1. e4 c5 2. b4 cxb4 3. Bb2 Nc6 4. d4 d5 5. exd5 Qxd5 6. c4 Qe4+ 7. Ne2 Bf5 8. Nd2 Qc2 9. Qxc2 Bxc2 10. d5 Nb8 11. Nd4 Ba4 12. a3 b3 13. Bd3 Nd7 14. N2xb3 O-O-O 15. O-O e5 16. dxe6 fxe6 17. Nxe6 Bxb3 18. Nxf8 Rxf8 19. Bxg7 Ngf6 20. Bxh8 Rxh8 21. Rab1 Ba4 22. Rfe1 Bc6 23. Bf5 Rg8 24. g3 h5 25. Re6 Kc7 26. Re7 Rg5 27. Bxd7 Nxd7 28. Rc1 Rc5 29. Rh7 b5 30. h3 bxc4 31. g4 hxg4 32. hxg4 Bf3 33. Rg7 c3 34. Kh2 c2 35. Kg3 Bd1 36. g5 Rb5 37. Kh4 Rb1 38. g6 Rxc1 39. Rxd7+ Kxd7 40. g7 Bf3 0-1

[Event "Biel Open"]
[Site "Biel SUI"]
[Date "1993.??.??"]
[Round "7"]
[White "Lutz, Klaus-Juergen"]
[Black "Filipenko, Alexander V"]
[Result "0-1"]
[WhiteElo "2325"]
[BlackElo "2435"]
[PlyCount "88"]
[EventDate "1993.07.??"]
[Source "www.chesslib.no"]
[SourceDate "2004.05.04"]

1. e4 c5 2. b4 cxb4 3. a3 bxa3 4. Nxa3 e6 5. Nb5 a6 6. d4 b6 7. Bd3 Bb7 8. Nc3 Nc6 9. Nf3 Nb4 10. O-O Rc8 11. Bb2 Nf6 12. d5 Nxd3 13. Qxd3 Qc7 14. Qe3 h6 15. dxe6 dxe6 16. e5 Bc5 17. Qe2 Nd5 18. Ne4 Nf4 19. Qe1 Qc6 20. Nfd2 O-O 21. Ba3 Qd5 22. Bxc5 bxc5 23. Ra3 Qxe5 24. f3 Rfd8 25. g3 Nh3+ 26. Kg2 Ng5 27. Nc4 Qc7 28. Nxg5 hxg5 29. h3 Rd4 30. Ne5 Rcd8 31. Rf2 f6 32. Ng4 e5 33. Kh2 c4 34. Ne3 Qc5 35. Ra5 Qb6 36. Qc3 Kh8 37. Ra4 Qe6 38. Rb4 Bc8 39. g4 e4 40. Nxc4 exf3 41. Rxf3 a5 42. Ra4 Bb7 43. Qe3 Qc6 44. Nxa5 Qxf3 0-1

[Event "Ch Ukraine (juniors) (under 20)"]
[Site "Lvov (Ukraine)"]
[Date "2007.02.05"]
[Round "6"]
[White "Kravtsiv Martyn (UKR)"]
[Black "Ipatov Alexander (UKR)"]
[Result "1/2-1/2"]
[WhiteElo "2464"]
[BlackElo "2286"]
[PlyCount "46"]
[EventDate "2007.??.??"]
[Source "www.chesslib.no"]
[SourceDate "2004.05.04"]

1. e4 c5 2. b4 cxb4 3. a3 b3 4. cxb3 d5 5. exd5 Nf6 6. Bb5+ Bd7 7. Bc4 g6 8. Nc3 Bg7 9. Nge2 O-O 10. O-O Na6 11. d4 Nc7 12. Bf4 Bf5 13. Bxc7 Qxc7 14. Ng3 Ng4 15. Nce4 Qf4 16. Qf3 Qxf3 17. gxf3 Bxe4 18. Nxe4 Nf6 19. d6 e6 20. Rad1 Rfd8 21. d5 Nxe4 22. fxe4 e5 23. Be2 Bf8 1/2-1/2

[Event "GER-ch"]
[Site "Gladenbach"]
[Date "1997.11.17"]
[Round "1"]
[White "Gietl, Thomas"]
[Black "Maiwald, Jens Uwe"]
[Result "1/2-1/2"]
[WhiteElo "2300"]
[BlackElo "2450"]
[PlyCount "46"]
[EventDate "1997.11.17"]
[Source "ChessBase"]
[SourceDate "1998.03.09"]

1. e4 c5 2. b4 cxb4 3. a3 d5 4. e5 Nc6 5. d4 f6 6. Bd3 g6 7. h4 fxe5 8. h5 Bg7 9. hxg6 h6 10. dxe5 Nxe5 11. Bb5+ Kf8 12. Bb2 Qb6 13. Nf3 Nxg6 14. Bxg7+ Kxg7 15. Qxd5 Nf6 16. Qc4 Bg4 17. Qxb4 a5 18. Qb3 e5 19. Nbd2 Rhd8 20. Nc4 Qc5 21. Qe3 Qxe3+ 22. Nxe3 Rac8 23. Nh4 Nxh4 1/2-1/2

[Event "Balatonlelle op"]
[Site "?"]
[Date "2003.06.21"]
[Round "1"]
[White "Frink Ferenc"]
[Black "Sax Gyula"]
[Result "1/2-1/2"]
[WhiteElo "2511"]
[BlackElo "2238"]
[PlyCount "85"]
[EventDate "2003.??.??"]
[Source "www.chesslib.no"]
[SourceDate "2004.05.04"]

1. e4 c5 2. b4 cxb4 3. a3 e6 4. axb4 Bxb4 5. c3 Be7 6. d4 d6 7. Bd3 Nd7 8. Ne2 Ngf6 9. O-O O-O 10. Nd2 b6 11. f4 e5 12. Ng3 g6 13. Nf3 exf4 14. Bxf4 Ne8 15. Qb3 Bb7 16. Bh6 Ng7 17. Bc4 Bf6 18. Rae1 Qe7 19. e5 dxe5 20. dxe5 Nxe5 21. Nxe5 Bxe5 22. Bxf7+ Kh8 23. Qb5 Rxf7 24. Rxf7 Qxf7 25. Qxe5 Bc6 26. Rf1 Qb7 27. Qf6 Bd5 28. Ne4 Kg8 29. Nd6 Qc7 30. c4 Be6 31. Nb5 Qc5+ 32. Rf2 Qf8 33. Bxg7 Qxf6 34. Bxf6 Bxc4 35. Nd6 Bd5 36. Be7 a5 37. Rb2 a4 38. Nb5 Re8 39. Nc7 Rxe7 40. Nxd5 Rb7 41. Rb5 a3 42. Nb4 Rc7 43. Rxb6 1/2-1/2

[Event "Wiesbaden"]
[Site "?"]
[Date "1999.09.02"]
[Round "7"]
[White "Rechel Bernd"]
[Black "Reschke Stefan"]
[Result "1/2-1/2"]
[WhiteElo "2404"]
[BlackElo "2341"]
[PlyCount "44"]
[EventDate "1999.??.??"]
[Source "www.chesslib.no"]
[SourceDate "2004.05.04"]

1. e4 c5 2. b4 cxb4 3. a3 e5 4. Nf3 Nc6 5. Bc4 Nf6 6. Ng5 d5 7. exd5 Na5 8. Bb5+ Bd7 9. Bxd7+ Qxd7 10. axb4 Nc4 11. Qe2 Qxd5 12. O-O Bxb4 13. d3 Nb6 14. c4 Qd6 15. d4 Qxd4 16. Bb2 Qd8 17. Qxe5+ Qe7 18. Qb5+ Nfd7 19. Qf5 h6 20. c5 hxg5 21. cxb6 O-O 22. bxa7 Nc5 1/2-1/2

[Event "Budapest IM-A"]
[Site "Budapest HUN"]
[Date "1990.??.??"]
[Round "12"]
[White "Biro, Sandor"]
[Black "Busch, Klaus"]
[Result "0-1"]
[WhiteElo "2435"]
[BlackElo "2305"]
[PlyCount "60"]
[EventDate "1990.??.??"]
[Source "www.chesslib.no"]
[SourceDate "2004.05.04"]

1. e4 c5 2. b4 cxb4 3. a3 d5 4. exd5 Nf6 5. Bb5+ Nbd7 6. axb4 Nxd5 7. Nf3 e6 8. c3 Be7 9. O-O O-O 10. d4 Qc7 11. Bd2 b6 12. Qe1 Bb7 13. Ne5 Nxe5 14. dxe5 a6 15. Bd3 b5 16. Na3 Rad8 17. Be4 Nxb4 18. Bxb7 Nd3 19. Qb1 Qxb7 20. c4 Nxe5 21. Ba5 Rb8 22. cxb5 axb5 23. Rd1 b4 24. Nc2 Nc6 25. Ne3 Ra8 26. Nc4 Qb5 27. Qa2 Nxa5 28. Nxa5 Bf6 29. Qa4 Qxa4 30. Rxa4 h6 0-1

[Event "CAN Ch"]
[Site "Canada"]
[Date "1994.??.??"]
[Round "12"]
[White "Day, Lawrence A"]
[Black "Livshits, Ron"]
[Result "1-0"]
[WhiteElo "2370"]
[BlackElo "2370"]
[PlyCount "71"]
[EventDate "1994.??.??"]
[Source "www.chesslib.no"]
[SourceDate "2004.05.04"]

1. e4 c5 2. b4 cxb4 3. a3 d5 4. exd5 Qxd5 5. Bb2 e5 6. axb4 Bxb4 7. Na3 Bxa3 8. Rxa3 Ne7 9. Ne2 Nbc6 10. Nc3 Qd8 11. Bc4 O-O 12. O-O Nd4 13. Ra2 Bf5 14. d3 a6 15. Ra1 b5 16. Ba2 Rc8 17. Bb1 Qb6 18. Qd2 Rfd8 19. Re1 Ng6 20. Re3 Nh4 21. Ne2 Qc6 22. f3 Qg6 23. Ng3 Bh3 24. Bxd4 exd4 25. Re7 Re8 26. Rxe8+ Rxe8 27. Qf4 Nxg2 28. Qxd4 Ne1 29. Kf2 Qg5 30. Ne4 Qh4+ 31. Ke2 Ng2 32. Ba2 Bc8 33. Rg1 Nf4+ 34. Kd1 Qh6 35. Nf6+ Kf8 36. Qc5+ 1-0

[Event "Andorra op"]
[Site "Andorra"]
[Date "2001.07.08"]
[Round "9"]
[White "Nanu, Ciprian"]
[Black "Molander, Riku"]
[Result "1-0"]
[WhiteElo "2417"]
[BlackElo "2318"]
[PlyCount "125"]
[EventDate "2001.06.30"]
[Source "ChessBase"]
[SourceDate "2001.09.11"]

1. e4 c5 2. b4 cxb4 3. a3 d5 4. exd5 Qxd5 5. Nf3 e5 6. c4 Qe6 7. Bd3 Nf6 8. O-O Nc6 9. Re1 Bd6 10. axb4 Nxb4 11. Bf1 O-O 12. Nc3 Qf5 13. Nb5 Bb8 14. Ba3 e4 15. Bxb4 exf3 16. Qxf3 Qxf3 17. gxf3 Rd8 18. Be7 Rxd2 19. Bxf6 gxf6 20. Re8+ Kg7 21. Rxc8 Bxh2+ 22. Kxh2 Rxc8 23. Nxa7 Ra8 24. Kg3 h5 25. Bh3 h4+ 26. Kg2 Kh6 27. Bc8 b6 28. f4 Rc2 29. Bb7 Rg8+ 30. Kf3 Rc3+ 31. Ke2 Re8+ 32. Kf1 Rxc4 33. Nb5 Rxf4 34. Nd6 Re7 35. Rb1 h3 36. Rb3 h2 37. Bh1 Rd7 38. Rd3 Ra7 39. Rh3+ Kg7 40. Rxh2 Ra2 41. Be4 f5 42. Nxf5+ Kf6 43. Ng3 Ke5 44. Rh5+ f5 45. f3 Rxf3+ 46. Bxf3 Kf4 47. Bd5 Rd2 48. Ne2+ Kg4 49. Bf7 Rd7 50. Be8 Rd8 51. Rh8 Kg5 52. Rg8+ Kh6 53. Rg6+ Kh7 54. Re6 b5 55. Bxb5 f4 56. Kf2 f3 57. Kxf3 Kg7 58. Nf4 Rd1 59. Kg4 Rd2 60. Kf5 Rb2 61. Bd3 Ra2 62. Re7+ Kf8 63. Ng6+ 1-0

[Event "Bayern-ch"]
[Site "?"]
[Date "1998.08.30"]
[Round "2"]
[White "Gietl Thomas"]
[Black "Safyanovsky Mark"]
[Result "0-1"]
[WhiteElo "2340"]
[BlackElo "2395"]
[PlyCount "60"]
[EventDate "1998.??.??"]
[Source "www.chesslib.no"]
[SourceDate "2004.05.04"]

1. e4 c5 2. b4 cxb4 3. a3 d5 4. e5 Nc6 5. d4 b3 6. cxb3 Bf5 7. Nf3 e6 8. Nc3 Nge7 9. Be2 Bg4 10. O-O Nf5 11. Be3 Be7 12. b4 O-O 13. Qd2 f6 14. b5 Bxf3 15. Bxf3 Na5 16. exf6 Bxf6 17. Qd3 Kh8 18. Ne2 Nc4 19. Bg4 Nfxe3 20. fxe3 e5 21. Bf5 Qe7 22. a4 e4 23. Qc3 Bg5 24. Bh3 Bxe3+ 25. Kh1 Rf6 26. Ng3 g6 27. Rxf6 Qxf6 28. Nxe4 Bxd4 29. Nxf6 Bxc3 30. Rf1 Rf8 0-1

[Event "Techirghiol"]
[Site "Techirghiol"]
[Date "2000.07.05"]
[Round "4"]
[White "Zajarnyi, Anatolyi"]
[Black "Spulber, Cicerone"]
[Result "0-1"]
[WhiteElo "2380"]
[BlackElo "2352"]
[PlyCount "56"]
[EventDate "2000.07.02"]
[Source "ChessBase"]
[SourceDate "2000.09.14"]

1. e4 c5 2. b4 cxb4 3. a3 d5 4. exd5 Qxd5 5. Bb2 e5 6. Nf3 Nc6 7. c4 Qe6 8. Bd3 bxa3 9. Nxa3 Bxa3 10. Rxa3 Nge7 11. O-O f6 12. Re1 O-O 13. Bb1 Qf7 14. d4 exd4 15. Nxd4 Nxd4 16. Qxd4 Bf5 17. Ba2 Nc6 18. Qf4 Rfe8 19. Rc1 Qd7 20. c5+ Kh8 21. g4 Re4 22. Qd6 Rxg4+ 23. Kf1 Rd8 24. Qxd7 Rxd7 25. Rcc3 h5 26. Rf3 Bg6 27. Be6 Rd1+ 28. Ke2 Rgg1 0-1

[Event "It \\"]
[Site "?"]
[Date "2005.03.24"]
[Round "1"]
[White "Zapolskis Antanas"]
[Black "Vavra Pavel"]
[Result "1-0"]
[WhiteElo "2341"]
[BlackElo "2390"]
[PlyCount "65"]
[EventDate "2005.??.??"]
[Source "www.chesslib.no"]
[SourceDate "2004.05.04"]

1. e4 c5 2. b4 cxb4 3. d4 d5 4. exd5 Nf6 5. a3 Nxd5 6. axb4 Nxb4 7. Nf3 g6 8. Bc4 Bg7 9. c3 N4c6 10. O-O O-O 11. Ba3 Nd7 12. Nbd2 Nb6 13. Ba2 Bf5 14. Re1 Bf6 15. Ne4 Bxe4 16. Rxe4 Rc8 17. Qe1 Re8 18. Rd1 Na5 19. Ne5 e6 20. Bc5 Na4 21. Bb4 Nc6 22. Nxf7 Kxf7 23. d5 Nxb4 24. dxe6+ Ke7 25. Rd7+ Kf8 26. e7+ Bxe7 27. Rxd8 Rcxd8 28. cxb4 Bf6 29. Bb3 Bc3 30. Qe3 Rxe4 31. Qxe4 Re8 32. Qf3+ Kg7 33. Qf7+ 1-0

[Event "NRW-Liga I 9495"]
[Site "GER"]
[Date "1995.??.??"]
[Round "?"]
[White "Reinke, Markus"]
[Black "Roeder, Mathias"]
[Result "0-1"]
[WhiteElo "2290"]
[BlackElo "2440"]
[PlyCount "60"]
[EventDate "1994.??.??"]
[Source "www.chesslib.no"]
[SourceDate "2004.05.04"]

1. e4 c5 2. b4 cxb4 3. a3 d5 4. exd5 Qxd5 5. Nf3 e5 6. c4 Qe6 7. d4 exd4+ 8. Be2 Nc6 9. O-O Bc5 10. Re1 Nge7 11. Bd3 Qd6 12. Nbd2 f5 13. Nb3 b6 14. axb4 Bxb4 15. Re2 O-O 16. Bb2 Ng6 17. Nfxd4 Nf4 18. Re3 Nxd3 19. Rxd3 Ne5 20. Rg3 f4 21. c5 Qf6 22. Rxg7+ Kxg7 23. Qe2 f3 24. gxf3 Bh3 25. Kh1 Kf7 26. f4 Qg6 27. Rg1 Qxg1+ 28. Kxg1 Rg8+ 29. Kh1 Bg2+ 30. Kg1 Nf3+ 0-1

[Event "DDR Ch 26th"]
[Site "Frankfurt/Oder"]
[Date "1977.??.??"]
[Round "13"]
[White "Espig, Thomas"]
[Black "Moehring, Guenther"]
[Result "0-1"]
[WhiteElo "2320"]
[BlackElo "2400"]
[PlyCount "60"]
[EventDate "1977.02.10"]
[Source "www.chesslib.no"]
[SourceDate "2004.05.04"]

1. e4 c5 2. b4 cxb4 3. Bb2 d5 4. exd5 Qxd5 5. d4 e6 6. c4 bxc3 7. Nxc3 Bb4 8. Qg4 g6 9. Bd3 Nf6 10. Qf4 Qa5 11. Qxf6 Bxc3+ 12. Ke2 O-O 13. Bxc3 Qxc3 14. Nf3 Qb2+ 15. Ke3 Nd7 16. Qh4 Nb6 17. Ng5 Nd5+ 18. Kf3 Nf6 19. Rab1 Qxa2 20. Rhe1 h6 21. Ne4 Nxe4 22. Rxe4 Qd2 23. Re3 Kg7 24. Qe7 Qa5 25. Bxg6 Qd8 26. Qxd8 Rxd8 27. Be4 Rd7 28. Reb3 Rb8 29. d5 f5 30. Bd3 Rxd5 0-1

[Event "Capablanca Memorial"]
[Site "Cienfuegos City CUB"]
[Date "1989.??.??"]
[Round "8"]
[White "Lugo, Blas"]
[Black "Andres, Miguel"]
[Result "1-0"]
[WhiteElo "2340"]
[BlackElo "2380"]
[PlyCount "67"]
[EventDate "1989.??.??"]
[Source "www.chesslib.no"]
[SourceDate "2004.05.04"]

1. e4 c5 2. b4 cxb4 3. d4 d5 4. e5 Nc6 5. a3 Qb6 6. Be3 bxa3 7. Rxa3 e6 8. Rb3 Qc7 9. Nd2 Bd7 10. Ne2 Na5 11. Rc3 Qb6 12. Bg5 Ne7 13. Rh3 Rc8 14. c3 Qb2 15. g4 Bb5 16. f4 Nc4 17. f5 Nb6 18. fxe6 fxe6 19. Nf4 Ba4 20. Qb1 Qxb1+ 21. Nxb1 Kd7 22. Bd3 h6 23. Rf1 Rg8 24. Bxe7 Bxe7 25. Nxe6 Kc6 26. Rf7 Bg5 27. Nxg5 hxg5 28. Bh7 Rh8 29. Rxg7 Bc2 30. Rh6+ Kb5 31. Na3+ Ka4 32. Nxc2 Rxc3 33. Rxb7 Kb5 34. Bd3+ 1-0

[Event "TCh-ROU Superliga"]
[Site "Predeal ROU"]
[Date "2007.10.17"]
[Round "5"]
[White "Rusan, P."]
[Black "Ionescu, Co"]
[Result "1/2-1/2"]
[WhiteElo "2278"]
[BlackElo "2437"]
[PlyCount "40"]
[EventDate "2007.10.13"]
[Source "www.chesslib.no"]
[SourceDate "2004.05.04"]

1. e4 c5 2. b4 b6 3. bxc5 bxc5 4. Nc3 Nc6 5. Rb1 e6 6. g3 Nge7 7. Bg2 Ba6 8. d3 Rb8 9. Bf4 Rxb1 10. Qxb1 Nd4 11. Nge2 Nec6 12. O-O Be7 13. Nxd4 cxd4 14. Nb5 e5 15. Bd2 Qb6 16. a4 O-O 17. Bh3 Bc8 18. Qa2 a6 19. Na3 Qc5 20. Ra1 d6 1/2-1/2

[Event "Centrocoop June op-A"]
[Site "?"]
[Date "1998.??.??"]
[Round "?"]
[White "Nanu Ciprian"]
[Black "Pozin Sergey"]
[Result "0-1"]
[WhiteElo "2325"]
[BlackElo "2390"]
[PlyCount "72"]
[EventDate "1998.??.??"]
[Source "www.chesslib.no"]
[SourceDate "2004.05.04"]

1. e4 c5 2. b4 cxb4 3. a3 d5 4. exd5 Qxd5 5. Bb2 e5 6. c4 Qe6 7. Nf3 Nc6 8. Bd3 Nf6 9. O-O Bd6 10. Re1 O-O 11. axb4 Nxb4 12. Bf1 e4 13. d3 Rd8 14. Nbd2 Bc7 15. Qb1 a5 16. dxe4 Ng4 17. Nb3 Nc6 18. e5 Bb6 19. Re2 Qxc4 20. Nbd2 Qb4 21. Ne4 Bf5 22. Nf6+ gxf6 23. Qxf5 Ne7 24. Qh5 Nxf2 25. exf6 Rd5 26. Be5 Ng6 27. Rxf2 Bxf2+ 28. Kh1 Be3 29. Qh3 Rad8 30. Be2 Rxe5 31. Nxe5 Qd4 32. Rf1 Qxe5 33. Bc4 Bf4 34. Bxf7+ Kxf7 35. Qxh7+ Kxf6 36. g3 Rd1 0-1